[Event "Olomouc Chess Summer 2016- A Valoz Cup"]
[Site "Olomouc"]
[Date "2016.08.15"]
[Round "4.1"]
[White "Gurevich, Daniel"]
[Black "Plischki, Sebastian"]
[Result "1-0"]
[WhiteElo "2461"]
[BlackElo "2384"]
[PlyCount "63"]
[EventDate "2016.08.13"]

1. e4 c5 2. Nf3 d6 3. d4 cxd4 4. Nxd4 Nf6 5. Nc3 a6 6. Be3 e5 7. Nb3 Be7 8. h3
O-O 9. g4 b5 10. g5 Ne8 11. h4 Bb7 12. a4 b4 13. Nd5 Nd7 14. Bc4 Nc7 15. Nxe7+
Qxe7 16. Qd3 Nc5 17. Nxc5 dxc5 18. g6 Ne6 19. Bg5 f6 20. Be3 Kh8 21. O-O-O Rad8
22. Bd5 hxg6 23. Rdg1 Nf4 24. Bxf4 exf4 25. Rxg6 Bxd5 26. exd5 Qe5 27. h5 f5
28. h6 Kh7 29. Qxa6 Qxd5 30. Rhg1 Rf7 31. hxg7 Kg8 32. Rh6 1-0

[Event "Olomouc Chess Summer 2016- A Valoz Cup"]
[Site "Olomouc"]
[Date "2016.08.15"]
[Round "4.3"]
[White "Svoboda, Svatopluk"]
[Black "Roy, Prantik"]
[Result "1/2-1/2"]
[WhiteElo "2453"]
[BlackElo "2403"]
[PlyCount "33"]
[EventDate "2016.08.13"]

1. e4 e5 2. Nf3 Nf6 3. Nc3 Bb4 4. Nxe5 O-O 5. Nd3 Bxc3 6. dxc3 Nxe4 7. Nf4 Nc6
8. Be2 d6 9. O-O Nf6 10. c4 Bf5 11. a3 Re8 12. b3 Ne5 13. Bb2 Ng6 14. Nxg6 hxg6
15. Bd3 Bxd3 16. Qxd3 Qe7 17. Bc3 1/2-1/2

[Event "Olomouc Chess Summer 2016- A Valoz Cup"]
[Site "Olomouc"]
[Date "2016.08.15"]
[Round "4.4"]
[White "Yagupov, Igor"]
[Black "Plat, Vojtech"]
[Result "1/2-1/2"]
[WhiteElo "2405"]
[BlackElo "2503"]
[PlyCount "82"]
[EventDate "2016.08.13"]

1. e4 c5 2. Nf3 e6 3. d4 cxd4 4. Nxd4 Nc6 5. Nc3 d6 6. Be3 Nf6 7. f3 Be7 8. Qd2
O-O 9. O-O-O d5 10. Be2 a6 11. Nb3 Qc7 12. exd5 exd5 13. Bf4 Qb6 14. Be3 Qd8
15. g4 d4 16. Nxd4 Nb4 17. Nb3 Be6 18. Qxd8 Rfxd8 19. Bc5 Re8 20. Bxe7 Rxe7 21.
Rhe1 Nfd5 22. Bc4 Nxc3 23. bxc3 Nxa2+ 24. Kb2 Nxc3 25. Kxc3 Rc7 26. Rxe6 fxe6
27. Kb4 Kh8 28. Rd6 h6 29. Bd3 Rac8 30. Rb6 e5 31. h4 Rxc2 32. Bxc2 Rxc2 33.
Rxb7 Rf2 34. Rf7 Kg8 35. Rf5 g6 36. Rxe5 Rxf3 37. Nc5 Rh3 38. h5 Rh4 39. Re4
gxh5 40. gxh5 Rxe4+ 41. Nxe4 Kg7 1/2-1/2

[Event "Olomouc Chess Summer 2016- A Valoz Cup"]
[Site "Olomouc"]
[Date "2016.08.15"]
[Round "4.5"]
[White "Camarena Gimenez, Rufino"]
[Black "Gavrilov, Alexei"]
[Result "1/2-1/2"]
[WhiteElo "2403"]
[BlackElo "2456"]
[PlyCount "64"]
[EventDate "2016.08.13"]

1. d4 Nf6 2. c4 e6 3. Nf3 d5 4. Nc3 Nbd7 5. Bg5 h6 6. Bh4 Be7 7. e3 O-O 8. Rc1
c5 9. cxd5 Nxd5 10. Bxe7 Nxe7 11. Bb5 cxd4 12. Nxd4 Nf6 13. O-O a6 14. Be2 Bd7
15. Qb3 Rb8 16. Qa3 Nc6 17. Nb3 Qb6 18. Qc5 Qxc5 19. Nxc5 Rfd8 20. Rfd1 Be8 21.
Bf3 Kf8 22. N3e4 Rxd1+ 23. Rxd1 Nxe4 24. Bxe4 Ke7 25. f4 a5 26. Kf2 g5 27. g4
b6 28. Nd3 Rd8 29. Ke2 gxf4 30. exf4 Nd4+ 31. Kf2 f5 32. gxf5 exf5 1/2-1/2

[Event "Olomouc Chess Summer 2016-B1 Prima Pack "]
[Site "Olomouc"]
[Date "2016.08.15"]
[Round "4.2"]
[White "Kulkarni, Bhakti"]
[Black "Wiley, Tom E"]
[Result "1-0"]
[WhiteElo "2363"]
[BlackElo "2239"]
[PlyCount "127"]
[EventDate "2016.08.13"]

1. d4 d5 2. c4 dxc4 3. Nf3 a6 4. e3 b5 5. a4 Bb7 6. b3 e6 7. bxc4 bxc4 8. Bxc4
Nf6 9. O-O c5 10. Ba3 Nbd7 11. Nbd2 Be7 12. Nb3 cxd4 13. Bxe7 Qxe7 14. Nfxd4
O-O 15. Na5 Qb4 16. Nxb7 Qxb7 17. Qe2 Ne5 18. Rab1 Qd7 19. Bxa6 Qxa4 20. Bb7
Rad8 21. f4 Ned7 22. Nc6 Rde8 23. Ra1 Qb3 24. Rfb1 Qc3 25. Rc1 Qb3 26. Rab1 Qa3
27. Ra1 Qd6 28. Ra5 Nb8 29. Ne5 Nfd7 30. Nf3 Rd8 31. Rb5 Nf6 32. Nd4 Rfe8 33.
Nf3 Rf8 34. h3 Qd3 35. Qxd3 Rxd3 36. Ne5 Rd2 37. Rc7 Nbd7 38. Nf3 Rd1+ 39. Kf2
Ne8 40. Rc6 Rd6 41. Ra5 Rxc6 42. Bxc6 Nef6 43. e4 Rc8 44. Nd4 Nf8 45. e5 Ne8
46. Ra7 Ng6 47. g3 Kf8 48. Bxe8 Rxe8 49. Nb5 Re7 50. Nc7 Kg8 51. Ra8+ Nf8 52.
Ne8 h5 53. Nd6 Rc7 54. Ne4 Rb7 55. h4 Rb2+ 56. Ke3 Rb3+ 57. Kd4 Rb4+ 58. Kd3
Rb7 59. Nc5 Rc7 60. Kc4 g6 61. Kb5 Kg7 62. Kb6 Re7 63. Kc6 f6 64. exf6+ 1-0

[Event "Olomouc Chess Summer 2016-B1 Prima Pack "]
[Site "Olomouc"]
[Date "2016.08.15"]
[Round "4.3"]
[White "Strebkovs, Andrejs"]
[Black "Mirzoeva, Elmira"]
[Result "1-0"]
[WhiteElo "2285"]
[BlackElo "2278"]
[PlyCount "33"]
[EventDate "2016.08.13"]

1. d4 Nf6 2. c4 e6 3. g3 Bb4+ 4. Bd2 a5 5. Bg2 d6 6. e3 Nbd7 7. Ne2 e5 8. Nbc3
O-O 9. a3 Bxc3 10. Bxc3 Re8 11. O-O e4 12. h3 d5 13. cxd5 Nxd5 14. Bd2 N7f6 15.
Nc3 c6 16. Nxd5 Nxd5 17. Qc2 {necitelne} 1-0

[Event "Olomouc Chess Summer 2016-B1 Prima Pack "]
[Site "Olomouc"]
[Date "2016.08.15"]
[Round "4.4"]
[White "Hoefelsauer, Thomas"]
[Black "Cerveny, Martin"]
[Result "1-0"]
[WhiteElo "2342"]
[BlackElo "2380"]
[PlyCount "79"]
[EventDate "2016.08.13"]

1. c4 c5 2. Nc3 Nc6 3. g3 g6 4. Bg2 Bg7 5. Nf3 e6 6. O-O Nge7 7. e3 O-O 8. d4
cxd4 9. Nxd4 Nxd4 10. exd4 Nf5 11. d5 Qc7 12. Qd3 e5 13. Nb5 Qb6 14. d6 a6 15.
Nc7 Rb8 16. Bg5 e4 17. Bxe4 Nxd6 18. Nd5 Qd4 19. Qxd4 Bxd4 20. Bd3 Ne8 21. Rab1
f6 22. Bh6 Ng7 23. Rfe1 Be5 24. c5 b5 25. cxb6 Bb7 26. Bc4 Kh8 27. Rbd1 Rfc8
28. Bxg7+ Kxg7 29. b3 Rd8 30. Nc7 g5 31. f4 gxf4 32. gxf4 Bxf4 33. Re7+ Kg6 34.
Rd4 Kg5 35. h4+ Kf5 36. Bd3+ Kg4 37. Kf2 Rg8 38. Re1 Kh3 39. Rxf4 Rg2+ 40. Ke3
1-0

[Event "Olomouc Chess Summer 2016-B1 Prima Pack "]
[Site "Olomouc"]
[Date "2016.08.15"]
[Round "4.5"]
[White "Olsarova, Karolina"]
[Black "Gusain, Himal"]
[Result "1/2-1/2"]
[WhiteElo "2258"]
[BlackElo "2453"]
[PlyCount "119"]
[EventDate "2016.08.13"]

1. e4 c5 2. Nf3 e6 3. c4 Nc6 4. Be2 g5 5. d3 h6 6. Bd2 Bg7 7. Bc3 Nf6 8. Nbd2
d5 9. exd5 exd5 10. cxd5 Qxd5 11. Ne4 Ke7 12. O-O Be6 13. Rc1 b6 14. Nxf6 Bxf6
15. Bxf6+ Kxf6 16. d4 Nxd4 17. Nxd4 Qxd4 18. Qxd4+ cxd4 19. f4 Rac8 20. fxg5+
Kxg5 21. Rce1 Kg6 22. Rf4 Rhd8 23. Rd1 Kg7 24. Bg4 d3 25. Bxe6 fxe6 26. Rf3 a5
27. Rfxd3 Rxd3 28. Rxd3 Rc1+ 29. Kf2 Rc2+ 30. Kf3 Rxb2 31. a4 Kf6 32. Rd8 Rb3+
33. Kf2 Kf5 34. Rh8 Rb4 35. Rxh6 Rxa4 36. h3 Ra2+ 37. Kf3 Ra3+ 38. Kf2 Rb3 39.
g4+ Ke5 40. h4 a4 41. Rh8 Kf4 42. Ra8 a3 43. Ra4+ Ke5 44. h5 b5 45. Ra8 Kf4 46.
h6 Rh3 47. Kg2 Rxh6 48. Rxa3 e5 49. Rb3 Rb6 50. Rb4+ Ke3 51. g5 Kd3 52. Kf3 Rb8
53. g6 Rb7 54. Kg4 e4 55. Kf4 Rg7 56. Rxb5 Rxg6 57. Rd5+ Kc4 58. Kxe4 Rg4+ 59.
Kf3 Kxd5 60. Kxg4 1/2-1/2

[Event "Olomouc Chess Summer 2016-B2 Proclient C"]
[Site "Olomouc"]
[Date "2016.08.15"]
[Round "4.1"]
[White "Chkhaidze, Nikoloz"]
[Black "Mager, Denis"]
[Result "1-0"]
[WhiteElo "2261"]
[BlackElo "2246"]
[PlyCount "141"]
[EventDate "2016.08.13"]

1. d4 d5 2. c4 c6 3. Nf3 Nf6 4. Nc3 dxc4 5. a4 e6 6. e3 c5 7. Bxc4 Nc6 8. O-O
cxd4 9. exd4 Be7 10. Qe2 O-O 11. Rd1 Nb4 12. Bg5 Nfd5 13. Nxd5 Nxd5 14. Bxd5
Bxg5 15. Be4 Bf6 16. Ne5 Qe7 17. Ra3 g6 18. a5 Rb8 19. Qf3 Rd8 20. Rb3 Bxe5 21.
dxe5 Rxd1+ 22. Qxd1 Qc7 23. Rc3 Qxa5 24. g3 Qb6 25. Rd3 Qa5 26. Rc3 Qb6 27. h4
Kg7 28. h5 Qb4 29. Bc2 Qe7 30. Rd3 Qc5 31. Qd2 Qxe5 32. h6+ Kf8 33. Qb4+ Ke8
34. f4 a5 35. Qd2 Qc5+ 36. Kh2 Qc7 37. Rc3 Qd7 38. Qe2 f6 39. f5 gxf5 40. Bxf5
Kf8 41. Bh3 b5 42. Rf3 Qf7 43. Qf2 f5 44. Qc5+ Qe7 45. Qe5 Ra8 46. Qh8+ Kf7 47.
Qxh7+ Kf6 48. Qh8+ Kg6 49. Qg8+ Kxh6 50. Rf4 Qg7 51. Rh4+ Kg6 52. Qe8+ Kf6 53.
Bxf5 exf5 54. Qc6+ Kg5 55. Qxa8 Qxb2+ 56. Kh3 Qc1 57. Rf4 a4 58. Qd5 a3 59.
Qd8+ Kg6 60. Qd6+ Kf7 61. Kh4 Qh1+ 62. Kg5 Qh8 63. Qd5+ Ke7 64. Qc5+ Kf7 65.
Qc7+ Ke6 66. Rxf5 Bd7 67. Qb6+ Ke7 68. Qc5+ Ke8 69. Re5+ Kd8 70. Qb6+ Kc8 71.
Rc5+ 1-0

[Event "Olomouc Chess Summer 2016-B2 Proclient C"]
[Site "Olomouc"]
[Date "2016.08.15"]
[Round "4.2"]
[White "Havlikova, Kristyna"]
[Black "Tymrakiewicz, Rafal"]
[Result "0-1"]
[WhiteElo "2282"]
[BlackElo "2274"]
[PlyCount "130"]
[EventDate "2016.08.13"]

1. e4 Nf6 2. e5 Nd5 3. d4 d6 4. Nf3 g6 5. Bc4 Nb6 6. Bb3 d5 7. a4 a5 8. O-O Bg7
9. h3 Nc6 10. Re1 O-O 11. Nc3 Bf5 12. Ne2 f6 13. exf6 exf6 14. Ng3 Qd7 15. Bf4
Rac8 16. c3 Be6 17. Bc2 Rfe8 18. b3 Re7 19. Bc1 Bf7 20. Ba3 Rxe1+ 21. Nxe1 Re8
22. Nd3 Qc8 23. Qf3 Nd8 24. Nf4 Qd7 25. h4 Ne6 26. Nge2 c6 27. Kf1 Nc8 28. Qg3
Ne7 29. h5 Ng5 30. hxg6 hxg6 31. Re1 Nf5 32. Bxf5 Qxf5 33. Bc1 Ne4 34. Qh3 Qxh3
35. Nxh3 g5 36. f3 Nd6 37. Ng3 Bg6 38. Ba3 Bf8 39. Rxe8 Nxe8 40. Bxf8 Kxf8 41.
Ne2 b5 42. axb5 cxb5 43. Nc1 a4 44. bxa4 bxa4 45. Nf2 Nd6 46. Ke2 Nc4 47. Nfd3
Ke7 48. Na2 Kd6 49. Nab4 a3 50. Nc1 Bb1 51. Nca2 Ke6 52. Nc1 Nb6 53. g4 Kd6 54.
Kd2 Nc4+ 55. Ke2 Na5 56. Kd2 Nc6 57. Nc2 a2 58. Na1 Na5 59. Ncb3 Nc4+ 60. Ke2
Bg6 61. Kd1 Kc6 62. Nc5 Bb1 63. Kc1 Bg6 64. Nab3 f5 65. gxf5 Bxf5 0-1

[Event "Olomouc Chess Summer 2016-B2 Proclient C"]
[Site "Olomouc"]
[Date "2016.08.15"]
[Round "4.3"]
[White "Biolek, Richard"]
[Black "Lkhamsuren, Uuganbayar"]
[Result "1-0"]
[WhiteElo "2466"]
[BlackElo "2123"]
[PlyCount "71"]
[EventDate "2016.08.13"]

1. e4 e6 2. d3 c5 3. Nf3 Nc6 4. Nbd2 g6 5. g3 Bg7 6. Bg2 Nge7 7. O-O O-O 8. Re1
d6 9. a4 e5 10. c3 h6 11. Nf1 Be6 12. Be3 f5 13. exf5 Nxf5 14. N3d2 Qe7 15. c4
Nfd4 16. Ne4 d5 17. cxd5 Bxd5 18. Nf6+ Qxf6 19. Bxd5+ Kh7 20. Nd2 Nb4 21. Bxd4
exd4 22. Ne4 Qf5 23. Bc4 b6 24. f4 Rae8 25. Qd2 Kh8 26. Qg2 Re7 27. Re2 Qd7 28.
Rae1 Qg4 29. Nd6 Re3 30. Rxe3 dxe3 31. Qb7 Nc2 32. Nf7+ Kh7 33. Ne5 Qh5 34. Nd7
Rf5 35. Qc8 g5 36. Bg8+ 1-0

[Event "Olomouc Chess Summer 2016-B2 Proclient C"]
[Site "Olomouc"]
[Date "2016.08.15"]
[Round "4.5"]
[White "Pavlov, Sergey"]
[Black "Malek, Daniel"]
[Result "1-0"]
[WhiteElo "2473"]
[BlackElo "2430"]
[PlyCount "123"]
[EventDate "2016.08.13"]

1. c4 e5 2. Nc3 Bb4 3. Nd5 Bc5 4. Nf3 c6 5. Nc3 d6 6. e3 Bb4 7. Qb3 Ba5 8. d4
e4 9. Nd2 f5 10. f3 Qg5 11. Qa3 Bc7 12. fxe4 Qxe3+ 13. Be2 Qxd4 14. Nf3 Qf6 15.
Bg5 Qg6 16. exf5 Bxf5 17. O-O Nh6 18. Rae1 O-O 19. Be7 Rf7 20. Nh4 Qe6 21. Bh5
Rxe7 22. Rxe6 Bxe6 23. Ne4 Bxc4 24. Re1 Re5 25. Nf3 Rxh5 26. Nxd6 Bxd6 27. Qxd6
Na6 28. Qd7 Rf8 29. Re8 Rhf5 30. Rxf8+ Rxf8 31. Qxb7 Nb8 32. Qxa7 Nf5 33. Ne5
Bd5 34. a4 Nh4 35. g3 Nf3+ 36. Nxf3 Bxf3 37. a5 h5 38. Qe7 Bg4 39. Kg2 Na6 40.
h3 Bf3+ 41. Kf2 Bd5+ 42. Ke3 Bf7 43. Kf4 Rb8 44. Qa7 Rb4+ 45. Ke3 Bc4 46. Qd7
Rb3+ 47. Kf4 Kh7 48. Qe8 g6 49. Qe7+ Kh6 50. g4 hxg4 51. hxg4 g5+ 52. Qxg5+ Kh7
53. Qe7+ Kg8 54. Qe8+ Kg7 55. Qxc6 Rb4 56. Kg5 Rb5+ 57. Kh4 Rb4 58. b3 Bb5 59.
Qe6 Kf8 60. Kg5 Kg7 61. Qe7+ Kg8 62. Kh6 1-0

[Event "Olomouc Chess Summer 2016-Open Olomouc"]
[Site "Olomouc"]
[Date "2016.08.15"]
[Round "4.1"]
[White "Ilandzis, Spyridon"]
[Black "Gantsooj, Ganzorig"]
[Result "1/2-1/2"]
[WhiteElo "2211"]
[BlackElo "2164"]
[PlyCount "116"]
[EventDate "2016.08.13"]

1. d4 Nf6 2. Bg5 g6 3. Bxf6 exf6 4. c4 d5 5. cxd5 Qxd5 6. Nc3 Qa5 7. e3 Bb4 8.
Nge2 c6 9. a3 Bd6 10. g3 Bg4 11. Bg2 Nd7 12. O-O h5 13. d5 Bxe2 14. Qxe2 c5 15.
Ne4 Qb6 16. f4 O-O-O 17. Qb5 f5 18. Qxb6 Nxb6 19. Ng5 Rhf8 20. Rfc1 Kb8 21. e4
fxe4 22. Nxe4 Nxd5 23. Nxc5 Bxc5+ 24. Rxc5 Nf6 25. Rac1 Rd7 26. Bh3 Ng4 27.
Bxg4 hxg4 28. f5 b6 29. Rc6 gxf5 30. Rf6 Rd2 31. Rxf5 Rxb2 32. Rcf1 Rh8 33.
R1f2 Rxf2 34. Rxf2 Rh7 35. Rf5 Rg7 36. Kf2 Kb7 37. Ke3 Ka6 38. Kf4 b5 39. Rf6+
Ka5 40. Kf5 a6 41. Rh6 Rg6 42. Rh7 Ka4 43. Rxf7 Rh6 44. Kxg4 Rxh2 45. Rf3 Rc2
46. Kf4 a5 47. g4 b4 48. axb4 axb4 49. g5 b3 50. Rf1 Ka3 51. g6 Rc6 52. Kf5 b2
53. g7 Rc8 54. Kf6 Rg8 55. Kf7 Rxg7+ 56. Kxg7 Ka2 57. Kf6 b1=Q 58. Rxb1 Kxb1
1/2-1/2

[Event "Olomouc Chess Summer 2016-Open Olomouc"]
[Site "Olomouc"]
[Date "2016.08.15"]
[Round "4.2"]
[White "Krejci, Jan"]
[Black "Kula, Dominik"]
[Result "1-0"]
[WhiteElo "2496"]
[BlackElo "2132"]
[PlyCount "79"]
[EventDate "2016.08.13"]

1. Nf3 f5 2. d4 Nf6 3. c4 g6 4. g3 Bg7 5. Bg2 d6 6. Nc3 O-O 7. d5 Na6 8. Nd4
Nc5 9. O-O a5 10. b3 Bd7 11. Bb2 Qe8 12. a3 Nfe4 13. Nxe4 Nxe4 14. Qc2 Qf7 15.
f3 Nf6 16. f4 Qe8 17. Rae1 c6 18. Ne6 Bxe6 19. dxe6 Qd8 20. e4 fxe4 21. Bxf6
Rxf6 22. Bxe4 Kh8 23. Bd3 Qb6+ 24. Kg2 Qc5 25. a4 Rd8 26. h4 d5 27. Qe2 dxc4
28. Bxc4 Rff8 29. Rd1 Rd4 30. Rxd4 Bxd4 31. Rd1 Rd8 32. Qe4 Qb6 33. h5 Bf6 34.
Rd7 Rg8 35. Rxe7 Qb4 36. Rd7 b5 37. axb5 cxb5 38. Qb7 Rg7 39. Qc8+ Rg8 40.
Qxg8+ 1-0

[Event "Olomouc Chess Summer 2016-Open Olomouc"]
[Site "Olomouc"]
[Date "2016.08.15"]
[Round "4.3"]
[White "Kvisvik, Brede"]
[Black "Ulanowski, Karol"]
[Result "0-1"]
[WhiteElo "2330"]
[BlackElo "2133"]
[PlyCount "102"]
[EventDate "2016.08.13"]

1. d4 Nf6 2. c4 g6 3. g3 Bg7 4. Bg2 d6 5. Nf3 O-O 6. O-O Nbd7 7. Nc3 e5 8. b3
Re8 9. e4 exd4 10. Nxd4 Nc5 11. f3 a5 12. Be3 Ne6 13. Nde2 c6 14. Qd2 Qc7 15.
Rfd1 Rd8 16. Rac1 b6 17. h3 Bb7 18. f4 Rd7 19. g4 Rad8 20. Ng3 Nc5 21. g5 Ne8
22. h4 Qb8 23. Qf2 Nc7 24. h5 d5 25. e5 N7e6 26. cxd5 cxd5 27. Nb5 d4 28. Nxd4
Nxd4 29. Bxd4 Ne6 30. Bxb7 Qxb7 31. Ne2 Qe4 32. hxg6 hxg6 33. Nc3 Qf5 34. Nb5
Nxf4 35. Qf3 Bxe5 36. Bxe5 Rxd1+ 37. Rxd1 Rxd1+ 38. Qxd1 Qxg5+ 39. Kf2 Qxe5 40.
Qd8+ Kg7 41. Qxb6 Qe2+ 42. Kg3 g5 43. Qc6 Nh5+ 44. Kh3 Nf4+ 45. Kg3 Nh5+ 46.
Kh3 g4+ 47. Kh4 Nf6 48. Nd6 Kg6 49. Kg3 Nh5+ 50. Kh4 Qh2+ 51. Kxg4 Qg3# 0-1

[Event "Olomouc Chess Summer 2016-Open Olomouc"]
[Site "Olomouc"]
[Date "2016.08.15"]
[Round "4.4"]
[White "Chudinovskikh, Alexander M"]
[Black "Nishant, Malhotra"]
[Result "1/2-1/2"]
[WhiteElo "2258"]
[BlackElo "2060"]
[PlyCount "84"]
[EventDate "2016.08.13"]

1. Nf3 d5 2. d4 Nf6 3. c4 c6 4. Nc3 dxc4 5. a4 e6 6. e3 c5 7. Bxc4 Nc6 8. O-O
cxd4 9. exd4 Be7 10. Re1 O-O 11. Bg5 Nd5 12. Bxd5 Bxg5 13. Bxc6 bxc6 14. Nxg5
Qxg5 15. Re5 Qd8 16. Ne4 Rb8 17. b3 f6 18. Rc5 Qb6 19. Rb1 Rd8 20. b4 e5 21. a5
Qb7 22. a6 Qf7 23. Rxc6 Rxd4 24. Qf3 Be6 25. Rbc1 Rdxb4 26. h3 Rb1 27. Rxb1
Rxb1+ 28. Kh2 h5 29. Nd6 Qg6 30. Rc7 Rb6 31. Qa8+ Kh7 32. Ne8 Bd5 33. Qxd5 Qxe8
34. Rxa7 Qe6 35. Qd8 e4 36. Re7 Qd6+ 37. Qxd6 Rxd6 38. a7 Ra6 39. Kg3 Ra4 40.
Kf4 Kg6 41. g4 hxg4 42. hxg4 Ra2 1/2-1/2

[Event "Olomouc Chess Summer 2016-Open Olomouc"]
[Site "Olomouc"]
[Date "2016.08.15"]
[Round "4.5"]
[White "Kalinowska, Zuzanna"]
[Black "Bukojemski, Adam"]
[Result "1-0"]
[WhiteElo "1910"]
[BlackElo "2235"]
[PlyCount "91"]
[EventDate "2016.08.13"]

1. d4 Nf6 2. c4 e6 3. Nf3 d5 4. cxd5 exd5 5. Bg5 Be7 6. e3 h6 7. Bh4 Ne4 8.
Bxe7 Qxe7 9. Nc3 c6 10. Bd3 O-O 11. Qc2 Nd6 12. O-O Nd7 13. b4 Nb6 14. a4 a5
15. b5 Nbc4 16. Nd2 Nxd2 17. Qxd2 Bd7 18. Rab1 f5 19. bxc6 bxc6 20. Ne2 Rfc8
21. Rfc1 Rc7 22. Nf4 Rb7 23. Ng6 Qe6 24. Ne5 Rxb1 25. Bxb1 Be8 26. Qb2 Kh8 27.
Qb6 Qc8 28. Qc5 Qd8 29. Bxf5 Nxf5 30. Qf8+ Kh7 31. Qxf5+ g6 32. Qb1 Rb8 33. Qd3
Qb6 34. h3 Qb2 35. Rc5 Qa1+ 36. Kh2 Qxa4 37. Qa6 Qb3 38. Qxa5 Qb6 39. Qc3 Qb2
40. Qxb2 Rxb2 41. Kg3 Rb6 42. Ra5 Rb7 43. Ra8 Re7 44. Rc8 Re6 45. Ng4 Kg7 46.
Rc7+ 1-0

[Event "Olomouc Chess Summer 2016-Open Olomouc"]
[Site "Olomouc"]
[Date "2016.08.15"]
[Round "4.6"]
[White "Burnett, Andrew"]
[Black "Mitrandzas, Athanasios"]
[Result "1/2-1/2"]
[WhiteElo "2174"]
[BlackElo "2119"]
[PlyCount "55"]
[EventDate "2016.08.13"]

1. d4 Nf6 2. c4 e6 3. g3 Bb4+ 4. Nc3 c5 5. Nf3 Bxc3+ 6. bxc3 Qa5 7. Qd3 cxd4 8.
Nxd4 Nc6 9. Nb3 Qa4 10. Nc5 Qa5 11. Nb3 Qa4 12. c5 b6 13. Bg2 Ba6 14. Qe3 Bc4
15. Nd4 Nd5 16. Bxd5 Bxd5 17. O-O bxc5 18. Nf5 O-O 19. Nd6 Nd8 20. c4 Bc6 21.
Qxc5 Nb7 22. Nxb7 Bxb7 23. Qb5 Bc6 24. Qxa4 Bxa4 25. Bf4 Rfc8 26. Rfc1 Rc6 27.
Rab1 Ra6 28. c5 1/2-1/2

[Event "Olomouc Chess Summer 2016-Open Olomouc"]
[Site "Olomouc"]
[Date "2016.08.15"]
[Round "4.7"]
[White "Rudiano, Nicolas"]
[Black "Kulkarni, Vinayak"]
[Result "0-1"]
[WhiteElo "2021"]
[BlackElo "2168"]
[PlyCount "128"]
[EventDate "2016.08.13"]

1. e4 c5 2. d4 cxd4 3. Nf3 Nc6 4. Nxd4 Nf6 5. Nc3 e5 6. Ndb5 d6 7. Bg5 a6 8.
Na3 b5 9. Nd5 Be7 10. Bxf6 Bxf6 11. c3 O-O 12. Nc2 Bg5 13. Nce3 Bxe3 14. Nxe3
Be6 15. g3 b4 16. cxb4 Nxb4 17. a3 Nc6 18. b4 Nd4 19. Bg2 Bb3 20. Qd3 Ba4 21.
Rb1 Rc8 22. O-O Bb5 23. Qd2 Bxf1 24. Rxf1 Kh8 25. Rd1 Qc7 26. Qd3 Qb7 27. Nf5
Rc3 28. Qd2 Rxa3 29. Nxd4 exd4 30. Qxd4 Qc7 31. Qxd6 Qxd6 32. Rxd6 Rb8 33. Bf1
g6 34. Rxa6 Rxa6 35. Bxa6 Rxb4 36. Bd3 Kg7 37. Kf1 Kf6 38. Ke2 Ke5 39. Ke3 f6
40. h4 Ra4 41. Bc2 Ra3+ 42. Bd3 h6 43. f4+ Ke6 44. Kd4 Ke7 45. g4 Ra4+ 46. Ke3
g5 47. hxg5 hxg5 48. fxg5 fxg5 49. Bc2 Ra2 50. Bd3 Rg2 51. Be2 Kd6 52. Kf3 Rg1
53. Kf2 Ra1 54. Bf3 Ke5 55. Kg3 Ra3 56. Kf2 Kf4 57. Bd1 Ra2+ 58. Ke1 Ra1 59.
Kd2 Kxe4 60. Bc2+ Kf3 61. Bf5 Rg1 62. Bc8 Rxg4 63. Bb7+ Kf2 64. Kd3 Rg1 0-1

[Event "Olomouc Chess Summer 2016-Open Olomouc"]
[Site "Olomouc"]
[Date "2016.08.15"]
[Round "4.8"]
[White "Thakur, Akash"]
[Black "Haugsrud, Hakon"]
[Result "1-0"]
[WhiteElo "2316"]
[BlackElo "1969"]
[PlyCount "137"]
[EventDate "2016.08.13"]

1. d4 d5 2. Nf3 Nf6 3. Bf4 c6 4. c3 Bf5 5. Nbd2 Nbd7 6. e3 e6 7. h3 h6 8. Be2
Qb6 9. Qb3 Be7 10. O-O O-O 11. c4 a5 12. c5 Qa7 13. Bd3 Bxd3 14. Qxd3 b6 15.
cxb6 Qxb6 16. Rfc1 c5 17. b3 Rfc8 18. Rc2 cxd4 19. exd4 Ba3 20. Rd1 Qb7 21. Nb1
Rxc2 22. Qxc2 Rc8 23. Qd3 Bb4 24. a3 Bf8 25. Rc1 Rxc1+ 26. Bxc1 Ne4 27. Qc2 Qb5
28. a4 Qb7 29. Ba3 Nb8 30. Bxf8 Kxf8 31. Na3 Qc6 32. Ne5 Qxc2 33. Nxc2 Ke7 34.
f3 Nd2 35. Na1 f6 36. Ng6+ Kd6 37. Kf2 Nc6 38. Ke2 Nb1 39. Nc2 Nc3+ 40. Kd3 Na2
41. Nf4 g5 42. Ne2 Nab4+ 43. Nxb4 axb4 44. g4 Na5 45. Kc2 f5 46. f4 gxf4 47.
Nxf4 fxg4 48. hxg4 Nc6 49. Kd3 e5 50. dxe5+ Kxe5 51. Ke3 Na5 52. Nd3+ Ke6 53.
Nxb4 Nxb3 54. Nc6 Kf6 55. Kf4 Nc5 56. a5 Ne6+ 57. Kg3 Nc5 58. Kh4 Ke6 59. Kh5
Kd6 60. Nd4 Ne4 61. Kxh6 Kc5 62. Nb3+ Kb5 63. Kg6 Nd6 64. Kf6 Kc4 65. a6 Nb5
66. g5 Kxb3 67. g6 d4 68. g7 d3 69. g8=Q+ 1-0

[Event "Olomouc Chess Summer 2016-Open Olomouc"]
[Site "Olomouc"]
[Date "2016.08.15"]
[Round "4.9"]
[White "Itgelt, Khuyagtsogt"]
[Black "Al Argha, Hisham"]
[Result "1/2-1/2"]
[WhiteElo "1921"]
[BlackElo "2309"]
[PlyCount "79"]
[EventDate "2016.08.13"]

1. e4 c5 2. Nf3 Nc6 3. d4 cxd4 4. Nxd4 e5 5. Nb5 d6 6. N1c3 a6 7. Na3 b5 8. Nd5
Nce7 9. Be3 Nxd5 10. Qxd5 Be6 11. Qd3 d5 12. exd5 Qxd5 13. Qxd5 Bxd5 14. Nb1
Nf6 15. Nc3 Bb4 16. Bd2 Bb7 17. f3 O-O 18. Bd3 Rfe8 19. O-O-O Rac8 20. Rhe1 Bc5
21. Ne4 Nxe4 22. Bxe4 Bxe4 23. Rxe4 f6 24. Rde1 Red8 25. Be3 Bf8 26. Rd1 Kf7
27. Rxd8 Rxd8 28. Bb6 Rc8 29. Kd2 Ke6 30. c3 Rc6 31. Bf2 g6 32. Bg3 Kd5 33. a4
Rc4 34. axb5 axb5 35. Kd3 Bd6 36. Rxc4 bxc4+ 37. Kc2 f5 38. b3 Bc5 39. bxc4+
Ke6 40. Kd3 1/2-1/2

[Event "Olomouc Chess Summer 2016-Open Olomouc"]
[Site "Olomouc"]
[Date "2016.08.15"]
[Round "4.10"]
[White "Bombek, Peter"]
[Black "Bracci, Andrea"]
[Result "1-0"]
[WhiteElo "2212"]
[BlackElo "1918"]
[PlyCount "101"]
[EventDate "2016.08.13"]

1. d4 d5 2. Nf3 e6 3. e3 Nf6 4. Bd3 c5 5. c3 Nc6 6. Nbd2 Bd6 7. O-O cxd4 8.
exd4 O-O 9. Re1 Qc7 10. Nf1 h6 11. Qe2 Re8 12. Ne5 Nd7 13. f4 Ndxe5 14. fxe5
Bf8 15. Qg4 Kh8 16. Re3 Ne7 17. Ng3 g6 18. h4 Nf5 19. Rf3 Kh7 20. h5 a6 21. Ne2
Qe7 22. Rh3 g5 23. Ng3 Kg7 24. Bxf5 exf5 25. Nxf5+ Bxf5 26. Qxf5 Qe6 27. Rf3
Qxf5 28. Rxf5 Rac8 29. Bd2 Re6 30. Raf1 Rc7 31. Kf2 b5 32. Ke2 Kg8 33. Kd3 Bg7
34. Ra1 Rec6 35. Rff1 Kf8 36. a4 Ke7 37. axb5 axb5 38. Ra8 Rc8 39. Ra5 b4 40.
Rxd5 bxc3 41. bxc3 Ke6 42. Rb5 Rd8 43. g4 Rd7 44. Ra1 f5 45. exf6 Bxf6 46. Be1
Rcd6 47. Ra4 Rf7 48. Bg3 Rdd7 49. Rf5 Bg7 50. Ra6+ Ke7 51. Bd6+ 1-0

[Event "Olomouc Chess Summer 2016-Open seniorù"]
[Site "Olomouc"]
[Date "2016.08.15"]
[Round "4.1"]
[White "Vorobyov, Yrij"]
[Black "Chrenko, Peter"]
[Result "0-1"]
[WhiteElo "2160"]
[BlackElo "1818"]
[PlyCount "88"]
[EventDate "2016.08.13"]

1. Nf3 Nf6 2. c4 g6 3. b3 Bg7 4. Bb2 O-O 5. g3 d6 6. d4 Nbd7 7. Bg2 e5 8. dxe5
Ng4 9. Nc3 Ngxe5 10. Nd4 a6 11. O-O Rb8 12. h3 Nc5 13. Kh2 Ne6 14. Nc2 g5 15.
f4 gxf4 16. gxf4 Ng6 17. e3 Qh4 18. Qe1 Qh6 19. Nd1 Bxb2 20. Nxb2 Nh4 21. Bd5
Ng7 22. Qg3 c6 23. Bh1 f6 24. Nd4 Kh8 25. e4 Rg8 26. Rg1 Bd7 27. Qe3 Rbe8 28.
Rad1 c5 29. Ne2 Re5 30. Nd3 Rh5 31. Ng3 Nf3+ 32. Bxf3 Rxh3+ 33. Kg2 Rxg3+ 34.
Kf2 Qh2+ 35. Rg2 Rxg2+ 36. Bxg2 Nh5 37. Rg1 Rg3 38. Qd2 Qh4 39. Kf1 Rg4 40. Qf2
Qh2 41. f5 Ng3+ 42. Ke1 Nxe4 43. Qf1 Bxf5 44. Qxf5 Qg3+ 0-1

[Event "Olomouc Chess Summer 2016-Open seniorù"]
[Site "Olomouc"]
[Date "2016.08.15"]
[Round "4.2"]
[White "Fiala, Jiri"]
[Black "Heppell, Ian N"]
[Result "1/2-1/2"]
[WhiteElo "1893"]
[BlackElo "2066"]
[PlyCount "31"]
[EventDate "2016.08.13"]

1. d4 d6 2. Nf3 Bg4 3. c4 Nd7 4. h3 Bxf3 5. exf3 c5 6. d5 g6 7. Nc3 Bg7 8. Be2
Ngf6 9. O-O O-O 10. Be3 a6 11. a4 Qa5 12. Bd2 Qc7 13. Qc2 Rfe8 14. Rad1 Nf8 15.
Rfe1 Rad8 16. f4 1/2-1/2